| 000 -LEADER |
| fixed length control field |
01003nam a2200241Ia 4500 |
| 001 - CONTROL NUMBER |
| control field |
17002 |
| 003 - CONTROL NUMBER IDENTIFIER |
| control field |
GE_BSU |
| 008 - FIXED-LENGTH DATA ELEMENTS--GENERAL INFORMATION |
| fixed length control field |
181216s||||||||xx |||||||||||||| ||und|| |
| 040 ## - CATALOGING SOURCE |
| Transcribing agency |
GE_BSU |
| 080 ## - UNIVERSAL DECIMAL CLASSIFICATION NUMBER |
| Universal Decimal Classification number |
613.164 |
| 100 ## - MAIN ENTRY--PERSONAL NAME |
| Personal name |
ჩესკინი, მიხეილი |
| 245 ## - TITLE STATEMENT |
| Title |
უხილავი მტერი |
| 245 ## - TITLE STATEMENT |
| Remainder of title |
ხმაურის მავნე ზეგავლენა ადამიანის ორგანიზმზე |
| 245 ## - TITLE STATEMENT |
| Statement of responsibility, etc. |
რედ.ც.უნდილაშვილი |
| 260 ## - PUBLICATION, DISTRIBUTION, ETC. |
| Place of publication, distribution, etc. |
თბილისი |
| 260 ## - PUBLICATION, DISTRIBUTION, ETC. |
| Name of publisher, distributor, etc. |
საბჭ. საქართველო |
| 260 ## - PUBLICATION, DISTRIBUTION, ETC. |
| Date of publication, distribution, etc. |
1970 |
| 300 ## - PHYSICAL DESCRIPTION |
| Extent |
226გვ. ; 15სმ |
| 653 ## - INDEX TERM--UNCONTROLLED |
| Uncontrolled term |
უხილავი მტერი |
| 653 ## - INDEX TERM--UNCONTROLLED |
| Uncontrolled term |
ხმაურის გავლენა ადამიანის ორგანიზმზე |
| 653 ## - INDEX TERM--UNCONTROLLED |
| Uncontrolled term |
ხმაურის მავნე ზეგავლენა ადამიანის ორგანიზმზე |
| 942 ## - ADDED ENTRY ELEMENTS (KOHA) |
| Koha item type |
წიგნი |